000 00654nam a2200205Ia 4500
003 GCL
008 140319s9999 xx 000 0 ara d
040 _aGCL /
_cGCL
082 0 4 _a822.008
_bا م
100 1 _aاوكس, شون
245 1 0 _aالمحراث والنجوم /
_cاوكس, شون
700 1 _aفوزى العنتيل(مترجم)
700 1 _aعبدالله عبدالحافظ متولى
300 _a224 ص
490 _aروائع المسرح العالمى
_v0
650 0 4 _aالادب الايرلندى
650 0 4 _aالمسرح الالندى
650 0 4 _aالمسرح الايرلندى المترجم
942 _2ddc
_cBK
999 _c38391
_d38391